[Event "Aragon-chT Preferente Gr I"]
[Site "Aragon"]
[Date "2022.01.29"]
[Round "1.40"]
[White "Garcia Monterde, Francisco Jose"]
[Black "Garcia Garcia, Enrique"]
[Result "1/2-1/2"]
[WhiteElo "1801"]
[BlackElo "1788"]
[PlyCount "38"]
[EventDate "2022.01.29"]
[EventType "team-tourn"]
[EventRounds "9"]
[EventCountry "ESP"]
[SourceTitle "EXT 2024"]
[Source "ChessBase"]
[SourceDate "2023.10.10"]
[SourceVersion "1"]
[SourceVersionDate "2023.10.10"]
[SourceQuality "1"]
[WhiteTeam "IberCaja II"]
[BlackTeam "Dr Azua"]
[WhiteTeamCountry "ESP"]
[BlackTeamCountry "ESP"]

1. c4 c5 2. Nc3 Nc6 3. g3 g6 4. Bg2 Bg7 5. Nf3 e6 6. e3 Nge7 7. 0-0 d5 8. cxd5 Nxd5 9. d4 cxd4 10. exd4 0-0 11. Be3 Qb6 12. Qd2 Bd7 13. a3 Na5 14. Nxd5 exd5 15. Qb4 Bb5 16. Rfd1 Nc6 17. Qd2 Na5 18. Qb4 Nc6 19. Qd2 Na5 1/2-1/2

[Event "Aragon-chT Preferente"]
[Site "Aragon"]
[Date "2021.03.13"]
[Round "1.38"]
[White "Garcia Monterde, Francisco Jose"]
[Black "Iglesias Fernandez, Luis"]
[Result "0-1"]
[WhiteElo "1850"]
[BlackElo "1847"]
[PlyCount "150"]
[EventDate "2021.03.13"]
[EventType "team-tourn"]
[EventRounds "9"]
[EventCountry "ESP"]
[SourceTitle "EXT 2024"]
[Source "ChessBase"]
[SourceDate "2023.10.10"]
[SourceVersion "1"]
[SourceVersionDate "2023.10.10"]
[SourceQuality "1"]
[WhiteTeam "IberCaja II"]
[BlackTeam "Palacio de Pioneros III"]
[WhiteTeamCountry "ESP"]
[BlackTeamCountry "ESP"]

1. c4 e5 2. g3 f5 3. Bg2 Nf6 4. Nc3 Nc6 5. d3 Bc5 6. e3 0-0 7. Nge2 Bb6 8. 0-0 d6 9. Nd5 Qe8 10. Nec3 Ne7 11. Nxe7+ Qxe7 12. Nd5 Qe8 13. Bd2 Kh8 14. Bc3 Ng4 15. h3 Nf6 16. d4 Nxd5 17. cxd5 e4 18. Qe2 Bd7 19. Qd2 Bb5 20. Rfe1 Bc4 21. a4 a5 22. f4 Bxd5 23. Kh2 Bb3 24. Bf1 d5 25. Bb5 c6 26. Be2 Qe6 27. Rg1 Bc7 28. h4 Bc4 29. Kg2 Bxe2 30. Qxe2 Rf6 31. Kf2 Rg6 32. Rg2 Rg4 33. Rh1 Bd6 34. Qd2 b6 35. b4 axb4 36. Bxb4 Rxa4 37. Bxd6 Qxd6 38. Qb2 Qb4 39. Qxb4 Rxb4 40. Ra1 h5 41. Ra8+ Kh7 42. Rf8 Rb2+ 43. Kf1 Rxg2 44. Kxg2 Rg6 45. Rxf5 Kh6 46. Rf8 Rd6 47. Rb8 c5 48. f5 g6 49. fxg6 Kxg6 50. dxc5 bxc5 51. Rc8 c4 52. Kf2 Kf5 53. Rf8+ Rf6 54. Rg8 Ke5+ 55. Ke2 Rf5 56. Re8+ Kd6 57. Rd8+ Kc5 58. Kd2 Rf3 59. Rc8+ Kd6 60. Rd8+ Ke6 61. Re8+ Kd7 62. Rg8 c3+ 63. Kxc3 Rxe3+ 64. Kc2 Kd6 65. Rg6+ Kc5 66. Rg5 Kd4 67. Rxh5 Rxg3 68. Rh8 Rg2+ 69. Kd1 Kd3 70. Ke1 e3 71. Kf1 Rg4 72. Re8 Rf4+ 73. Ke1 Rxh4 74. Kf1 e2+ 75. Rxe2 Rh1+ 0-1

[Event "Aragon-chT Preferente Gr-I"]
[Site "Aragon"]
[Date "2020.02.29"]
[Round "6.51"]
[White "Chine Infantes, Miguel Angel"]
[Black "Garcia Monterde, Francisco Jose"]
[Result "1/2-1/2"]
[WhiteElo "1799"]
[BlackElo "1847"]
[PlyCount "63"]
[EventDate "2020.01.25"]
[EventType "team-tourn"]
[EventRounds "9"]
[EventCountry "ESP"]
[SourceTitle "EXT 2022"]
[Source "ChessBase"]
[SourceDate "2021.10.06"]
[SourceVersion "1"]
[SourceVersionDate "2021.10.06"]
[SourceQuality "1"]
[WhiteTeam "Fraga"]
[BlackTeam "IberCaja II"]
[WhiteTeamCountry "ESP"]
[BlackTeamCountry "ESP"]

1. e4 c5 2. Nf3 e6 3. c4 Nc6 4. Nc3 g6 5. d3 Bg7 6. Bg5 f6 7. Be3 d6 8. Be2 e5 9. Qc1 Nd4 10. Bd2 Be6 11. Nxd4 cxd4 12. Nd5 Rc8 13. Qd1 Qd7 14. Rc1 f5 15. f3 f4 16. b4 b6 17. a4 Nf6 18. b5 Bxd5 19. cxd5 0-0 20. Rc6 Rxc6 21. bxc6 Qe7 22. 0-0 Ne8 23. Qb3 Nc7 24. Bb4 Rb8 25. Ra1 a6 26. Ba5 Na8 27. Rb1 Qa7 28. Be1 Bf6 29. a5 b5 30. Bb4 Be7 31. Qa3 Qc7 32. Rc1 1/2-1/2

[Event "Aragon-chT Preferente Gr-I"]
[Site "Aragon"]
[Date "2020.02.01"]
[Round "2.43"]
[White "Garcia Monterde, Francisco Jose"]
[Black "Ballonga Arruebo, Alejandro"]
[Result "1/2-1/2"]
[WhiteElo "1847"]
[BlackElo "1677"]
[PlyCount "43"]
[EventDate "2020.01.25"]
[EventType "team-tourn"]
[EventRounds "9"]
[EventCountry "ESP"]
[SourceTitle "EXT 2022"]
[Source "ChessBase"]
[SourceDate "2021.10.06"]
[SourceVersion "1"]
[SourceVersionDate "2021.10.06"]
[SourceQuality "1"]
[WhiteTeam "IberCaja II"]
[BlackTeam "Shatranj"]
[WhiteTeamCountry "ESP"]
[BlackTeamCountry "ESP"]

1. c4 e6 2. g3 f5 3. Bg2 Nf6 4. Nc3 d5 5. d4 c6 6. Nf3 Bd6 7. 0-0 0-0 8. Ne5 Nbd7 9. Nxd7 Bxd7 10. f3 e5 11. cxd5 cxd5 12. dxe5 Qb6+ 13. Kh1 Bxe5 14. Nxd5 Qe6 15. f4 Bc6 16. Nxf6+ Bxf6 17. Qb3 Rfe8 18. Bxc6 Qxb3 19. axb3 bxc6 20. Re1 Bd4 21. Kg2 Rab8 22. Ra3 1/2-1/2

[Event "Aragon-chT Preferente Gr-I"]
[Site "Aragon"]
[Date "2019.01.26"]
[Round "1.52"]
[White "Garcia Monterde, Francisco Jose"]
[Black "Carbonel Sanchez, Andres"]
[Result "0-1"]
[WhiteElo "1872"]
[BlackElo "1796"]
[PlyCount "46"]
[EventDate "2019.01.26"]
[EventType "team-tourn"]
[EventRounds "9"]
[EventCountry "ESP"]
[SourceTitle "EXT 2020"]
[Source "ChessBase"]
[SourceDate "2019.10.17"]
[SourceVersion "1"]
[SourceVersionDate "2019.10.17"]
[SourceQuality "1"]
[WhiteTeam "IberCaja II"]
[BlackTeam "Tauste"]
[WhiteTeamCountry "ESP"]
[BlackTeamCountry "ESP"]

1. c4 Nf6 2. g3 e6 3. Bg2 d5 4. d4 Be7 5. Nf3 0-0 6. 0-0 c6 7. Nc3 Nbd7 8. b3 b6 9. Bb2 Ba6 10. Nd2 Rc8 11. Re1 c5 12. dxc5 dxc4 13. cxb6 Nxb6 14. e4 Qc7 15. Qe2 Nfd7 16. Rac1 Ne5 17. Nxc4 Nbxc4 18. bxc4 Bxc4 19. Nb5 Qb6 20. Rxc4 Nxc4 21. a4 Nxb2 22. Qxb2 a6 23. Qd4 Bc5 0-1

[Event "Aragon-chT Honor Gr II"]
[Site "Aragon"]
[Date "2018.02.17"]
[Round "4.20"]
[White "Garcia Monterde, Francisco Jose"]
[Black "Barcena Laguia, Francisco"]
[Result "1-0"]
[WhiteElo "1873"]
[BlackElo "1849"]
[PlyCount "67"]
[EventDate "2018.01.27"]
[EventType "team-tourn"]
[EventRounds "7"]
[EventCountry "ESP"]
[SourceTitle "EXT 2019"]
[Source "ChessBase"]
[SourceDate "2018.10.10"]
[SourceVersion "1"]
[SourceVersionDate "2018.10.10"]
[SourceQuality "1"]
[WhiteTeam "IberCaja"]
[BlackTeam "Teruel"]
[WhiteTeamCountry "ESP"]
[BlackTeamCountry "ESP"]

1. c4 Nf6 2. g3 c5 3. Bg2 Nc6 4. Nc3 d6 5. Nf3 g6 6. 0-0 Bg7 7. d4 cxd4 8. Nxd4 Bd7 9. e4 Nxe4 10. Nxc6 Nxc3 11. Nxd8 Nxd1 12. Nxb7 Nxb2 13. Bxb2 Bxb2 14. Rab1 Be5 15. Nxd6+ Bxd6 16. Bxa8 0-0 17. Bd5 Rc8 18. Rb7 Bh3 19. Rd1 Bc5 20. Bf3 Be6 21. Be2 Kf8 22. a4 Rc6 23. h4 h5 24. a5 Bf5 25. Rd8+ Kg7 26. Bf3 Re6 27. Rd5 Bd6 28. Rxa7 Re1+ 29. Kg2 Be6 30. Rd1 Re5 31. Bd5 Bg4 32. Rd2 Bf5 33. Rb7 e6 34. Bf3 1-0

[Event "Aragon-chT Preferente A"]
[Site "Aragon"]
[Date "2016.02.20"]
[Round "4.39"]
[White "Uldemolins Nivela, Mateo"]
[Black "Garcia Monterde, Francisco Jose"]
[Result "1-0"]
[WhiteElo "1922"]
[BlackElo "1949"]
[PlyCount "63"]
[EventDate "2016.01.30"]
[EventType "team-tourn"]
[EventRounds "9"]
[EventCountry "ESP"]
[SourceTitle "EXT 2018"]
[Source "ChessBase"]
[SourceDate "2017.10.13"]
[SourceVersion "1"]
[SourceVersionDate "2017.10.13"]
[SourceQuality "1"]
[WhiteTeam "Jaque"]
[BlackTeam "IberCaja II"]
[WhiteTeamCountry "ESP"]
[BlackTeamCountry "ESP"]

1. e4 c5 2. Nc3 Nc6 3. g3 g6 4. Bg2 Bg7 5. d3 e6 6. f4 d6 7. Nf3 Nge7 8. 0-0 0-0 9. Be3 Nd4 10. e5 Nef5 11. Bf2 d5 12. Ne2 Nxf3+ 13. Bxf3 Qc7 14. g4 Ne7 15. Ng3 f6 16. exf6 Bxf6 17. c3 Bg7 18. Be3 d4 19. cxd4 cxd4 20. Bd2 Bd7 21. Qb3 Kh8 22. Rac1 Nc6 23. Ne4 Rae8 24. Bb4 Qxf4 25. Bxf8 Rxf8 26. Qxb7 Ne5 27. Bg2 Qe3+ 28. Kh1 Nxd3 29. Rxf8+ Bxf8 30. Rf1 Nf4 31. Qxd7 e5 32. Nf6 1-0

[Event "Aragon-chT Preferente A"]
[Site "Aragon"]
[Date "2016.01.30"]
[Round "1.51"]
[White "Ciriano Lamban, Alejandro"]
[Black "Garcia Monterde, Francisco Jose"]
[Result "1-0"]
[WhiteElo "2004"]
[BlackElo "1949"]
[PlyCount "55"]
[EventDate "2016.01.30"]
[EventType "team-tourn"]
[EventRounds "9"]
[EventCountry "ESP"]
[SourceTitle "EXT 2018"]
[Source "ChessBase"]
[SourceDate "2017.10.13"]
[SourceVersion "1"]
[SourceVersionDate "2017.10.13"]
[SourceQuality "1"]
[WhiteTeam "Marcos Frechin"]
[BlackTeam "IberCaja II"]
[WhiteTeamCountry "ESP"]
[BlackTeamCountry "ESP"]

1. d4 Nf6 2. c4 c5 3. d5 b5 4. Qc2 d6 5. e4 g6 6. Nf3 Bg7 7. Be2 0-0 8. h3 bxc4 9. 0-0 Ba6 10. Na3 c3 11. bxc3 Bxe2 12. Qxe2 Nbd7 13. Nc4 Nb6 14. Rd1 Na4 15. Qc2 Nxc3 16. Qxc3 Nxe4 17. Qe3 Nxf2 18. Qxf2 Bxa1 19. Bg5 Bf6 20. Bxf6 exf6 21. Qg3 Re8 22. Qxd6 Re2 23. Qxc5 Rxa2 24. d6 a5 25. d7 Kg7 26. Qd5 Rc2 27. Ne3 Rc7 28. Qxa8 1-0

[Event "Aragon-chT Honor Descenso"]
[Site "Aragon"]
[Date "2012.04.14"]
[Round "10.19"]
[White "Sanmartin Agustin, Alvaro"]
[Black "Garcia Monterde, Francisco Jose"]
[Result "1-0"]
[WhiteElo "2026"]
[BlackElo "2013"]
[PlyCount "93"]
[EventDate "2012.02.04"]
[EventType "team-tourn"]
[EventRounds "11"]
[EventCountry "ESP"]
[SourceTitle "EXT 2014"]
[Source "ChessBase"]
[SourceDate "2013.11.20"]
[SourceVersion "1"]
[SourceVersionDate "2013.11.20"]
[SourceQuality "1"]
[WhiteTeam "Ramiro"]
[BlackTeam "IberCaja II"]
[WhiteTeamCountry "ESP"]
[BlackTeamCountry "ESP"]

1. e4 c5 2. b4 b6 3. bxc5 bxc5 4. Nf3 Nc6 5. Bc4 e6 6. Nc3 Nf6 7. 0-0 Be7 8. Re1 d6 9. e5 Ng4 10. Bb5 Bb7 11. exd6 Bxd6 12. Ne4 Be7 13. Bb2 Nf6 14. a4 0-0 15. Nxf6+ Bxf6 16. Bxf6 gxf6 17. Ra3 Qc7 18. Bxc6 Bxc6 19. Nh4 Kh8 20. Qh5 Rg8 21. Qh6 Qd8 22. Rh3 Rg7 23. d3 f5 24. Nxf5 Rxg2+ 25. Kf1 Qg8 26. Qf6+ Rg7 27. Qxg7+ Qxg7 28. Nxg7 Kxg7 29. Re5 c4 30. Rg5+ Kf6 31. Rc5 Bxa4 32. Rxc4 Bb5 33. Rf4+ Ke7 34. Rxh7 Be8 35. Rb4 a5 36. Rb7+ Kf6 37. Rh6+ Ke5 38. Rh8 Kf6 39. Rg8 a4 40. Rb2 Ke7 41. h4 Ra5 42. Rg5 Ra8 43. h5 f6 44. Rg7+ Kf8 45. h6 Bc6 46. Rc7 a3 47. h7 1-0

[Event "Aragon-chT Honor II"]
[Site "Spain"]
[Date "2011.03.12"]
[Round "6.22"]
[White "Glavina, Pablo"]
[Black "Garcia Monterde, Francisco Jose"]
[Result "1-0"]
[WhiteElo "2462"]
[BlackElo "2020"]
[PlyCount "93"]
[EventDate "2011.02.05"]
[EventType "team-tourn"]
[EventRounds "7"]
[EventCountry "ESP"]
[SourceTitle "EXT 2013"]
[Source "ChessBase"]
[SourceDate "2012.11.22"]
[SourceVersion "1"]
[SourceVersionDate "2012.11.22"]
[SourceQuality "1"]
[WhiteTeam "St Casablanca"]
[BlackTeam "IberCaja II"]
[WhiteTeamCountry "ESP"]
[BlackTeamCountry "ESP"]

1. e4 c6 2. d4 g6 3. c4 d5 4. cxd5 cxd5 5. exd5 Nf6 6. Nc3 Nxd5 7. Qb3 Nb6 8. Bb5+ Bd7 9. Nf3 Bg7 10. Ne5 0-0 11. Nxd7 N8xd7 12. 0-0 Nf6 13. Rd1 Nfd5 14. Be2 e6 15. a4 a5 16. Bf3 Qd7 17. Bg5 Rac8 18. Bh4 Bh6 19. Bg3 Rfd8 20. Ne4 Qe7 21. Nc5 Rc6 22. Qb5 Bg7 23. Nb3 Rdc8 24. Nxa5 Rc2 25. Be4 h5 26. Bxc2 Rxc2 27. Qb3 Rc8 28. Rdc1 Ra8 29. Nc4 Bxd4 30. Nxb6 Bxb6 31. Rc4 Qf6 32. Re1 g5 33. Qf3 Qg6 34. h4 g4 35. Qb3 Re8 36. Qb5 f5 37. a5 Ba7 38. Qxb7 Re7 39. Qc8+ Kf7 40. Kh2 f4 41. Bxf4 Bxf2 42. Rf1 g3+ 43. Kh1 Qd3 44. Rfc1 Qf5 45. Bg5 Re8 46. Qd7+ Ne7 47. Rf4 1-0

[Event "Aragon-chT Preferente"]
[Site "Spain"]
[Date "2010.02.27"]
[Round "6.28"]
[White "Garcia Monterde, Francisco Jose"]
[Black "Labrador Postigo, Francisco Manuel"]
[Result "1/2-1/2"]
[WhiteElo "1946"]
[BlackElo "1906"]
[PlyCount "134"]
[EventDate "2010.01.23"]
[EventType "team-swiss"]
[EventRounds "12"]
[EventCountry "ESP"]
[SourceTitle "EXT 2013"]
[Source "ChessBase"]
[SourceDate "2012.11.22"]
[SourceVersion "1"]
[SourceVersionDate "2012.11.22"]
[SourceQuality "1"]
[WhiteTeam "IberCaja VI"]
[BlackTeam "El Olivar III"]
[WhiteTeamCountry "ESP"]
[BlackTeamCountry "ESP"]

1. c4 Nf6 2. g3 d5 3. cxd5 Nxd5 4. Bg2 e5 5. Nc3 Nb6 6. d3 Be7 7. Nf3 Nc6 8. 0-0 0-0 9. Be3 Kh8 10. Rc1 Be6 11. a3 a5 12. Na4 Nxa4 13. Qxa4 Bd5 14. Bc5 f6 15. Rc2 Bxc5 16. Rxc5 Ra6 17. Rfc1 Rb6 18. Rb5 Qd6 19. Rcc5 Rxb5 20. Qxb5 Na7 21. Qxa5 b6 22. Rxd5 bxa5 23. Rxd6 cxd6 24. Nd2 Rb8 25. Nc4 a4 26. Kf1 Rb5 27. e4 Nc6 28. Bh3 Nd4 29. Bd7 Rb3 30. Bxa4 Rxd3 31. h4 Ne6 32. Bc6 Rd1+ 33. Ke2 Rc1 34. Bd5 Nd4+ 35. Ke3 Re1+ 36. Kd2 Re2+ 37. Kc3 g5 38. hxg5 fxg5 39. Nxd6 Rc2+ 40. Kd3 Rxb2 41. Nf7+ Kg7 42. Nxe5 Rxf2 43. Kxd4 h5 44. Ke3 Rf1 45. a4 Kf6 46. Nf3 g4 47. Nh4 Ra1 48. Bc6 Rc1 49. Be8 Re1+ 50. Kf4 Rf1+ 51. Ke3 Re1+ 52. Kd4 Rg1 53. Nf5 h4 54. gxh4 g3 55. Nxg3 Rxg3 56. Kc5 Ke7 57. Bc6 Rc3+ 58. Kb6 Kd6 59. Bd5 Rh3 60. a5 Rh2 61. a6 Rb2+ 62. Ka7 Kc7 63. Bf7 Re2 64. Bg6 Rg2 65. h5 Rg5 66. Bf7 Re5 67. Bg6 Rg5 1/2-1/2

[Event "Aragon-chT"]
[Site "Aragon"]
[Date "2009.03.28"]
[Round "9"]
[White "Garcia Monterde, Francisco Jose"]
[Black "Valiente Gimenez, Jose Luis"]
[Result "0-1"]
[WhiteElo "1929"]
[BlackElo "2117"]
[PlyCount "64"]
[EventDate "2009.01.24"]
[EventType "team-swiss"]
[EventRounds "9"]
[EventCountry "ESP"]
[SourceTitle "EXT 2011"]
[Source "ChessBase"]
[SourceDate "2010.11.26"]
[SourceVersion "1"]
[SourceVersionDate "2010.11.26"]
[SourceQuality "1"]

1. c4 e5 2. g3 f5 3. Bg2 Nf6 4. Nc3 g6 5. e4 fxe4 6. Nxe4 Bg7 7. Ne2 Nxe4 8. Bxe4 d6 9. h4 Qf6 10. Nc3 c6 11. h5 Na6 12. Qe2 Bf5 13. d4 0-0-0 14. d5 Nc5 15. h6 Bf8 16. g4 Bxe4 17. Nxe4 Nxe4 18. Qxe4 c5 19. b4 cxb4 20. Be3 b6 21. Rb1 Be7 22. Rxb4 Rd7 23. Ke2 Bd8 24. Rhb1 Bc7 25. a4 Kd8 26. a5 bxa5 27. Rb7 Ke7 28. Qc2 Rf8 29. Qa4 Qf3+ 30. Kd2 Qxg4 31. Qc6 Bb6 32. Bg5+ Qxg5+ 0-1

[Event "Aragon-chT Autonomico"]
[Site "Aragon"]
[Date "2007.02.10"]
[Round "3"]
[White "Martin Barbero, Roberto"]
[Black "Garcia Monterde, Francisco Jose"]
[Result "1-0"]
[WhiteElo "1959"]
[BlackElo "1920"]
[PlyCount "83"]
[EventDate "2007.01.27"]
[EventType "team"]
[EventRounds "9"]
[EventCountry "ESP"]
[SourceTitle "EXT 2008"]
[Source "ChessBase"]
[SourceDate "2007.11.25"]
[SourceVersion "1"]
[SourceVersionDate "2007.11.25"]
[SourceQuality "1"]
[WhiteTeam "CAI Olivar III"]
[BlackTeam "IberCaja II"]
[WhiteTeamCountry "ESP"]
[BlackTeamCountry "ESP"]

1. Nf3 d5 2. g3 Nf6 3. Bg2 Bg4 4. 0-0 e6 5. d4 Be7 6. Nbd2 0-0 7. Ne5 Bh5 8. Ndf3 c5 9. c3 Nc6 10. Nxc6 bxc6 11. Qa4 Qb6 12. e3 Rfc8 13. Ne5 Bd6 14. g4 Bxe5 15. gxh5 cxd4 16. exd4 Bd6 17. Qd1 e5 18. Bg5 Nd7 19. Qg4 Qc7 20. Bh3 Nf8 21. Bf6 Ne6 22. Qg2 Bf8 23. Bxe5 Qe7 24. Rae1 Re8 25. Bxg7 Bxg7 26. h6 Qf6 27. Bxe6 fxe6 28. hxg7 Re7 29. Re3 Rxg7 30. Rg3 Rxg3 31. hxg3 e5 32. dxe5 Qxe5 33. Qh3 c5 34. Qd7 Rf8 35. Rd1 Rf5 36. Qc8+ Kg7 37. Qxc5 Qe2 38. Qd4+ Kg6 39. Rf1 Qf3 40. Qe3 Qg4 41. Re1 Qh3 42. Qe8+ 1-0

[Event "Aragon-chT"]
[Site "Spain"]
[Date "2004.02.14"]
[Round "3.4"]
[White "Sig Vargas, Pablo"]
[Black "Garcia Monterde, Francisco Jose"]
[Result "0-1"]
[WhiteElo "1885"]
[BlackElo "2003"]
[PlyCount "84"]
[EventDate "2004.01.??"]
[EventType "team"]
[EventRounds "11"]
[EventCountry "ESP"]
[SourceTitle "EXT 2006"]
[Source "ChessBase"]
[SourceDate "2005.11.24"]
[SourceVersion "1"]
[SourceVersionDate "2005.11.24"]
[SourceQuality "1"]

1. e4 g6 2. d4 Bg7 3. Nc3 c6 4. Nf3 d5 5. e5 Bg4 6. h3 Bxf3 7. Qxf3 Qb6 8. Qg4 e6 9. Bd3 Nd7 10. 0-0 Nh6 11. Qh4 Nf5 12. Bxf5 gxf5 13. Na4 Qb4 14. b3 Nxe5 15. c3 Ng6 16. Qg3 Qe7 17. Re1 0-0 18. f4 Kh8 19. Nc5 Rg8 20. a4 b6 21. Nd3 Bf6 22. Re2 Rg7 23. Kh1 Rag8 24. Qe1 Nh4 25. Raa2 Rg3 26. Be3 Qf8 27. Ne5 Bxe5 28. dxe5 Qg7 29. Qf1 Qh6 30. b4 Nxg2 31. Rxg2 Qxh3+ 32. Kg1 Rxg2+ 33. Rxg2 Qxe3+ 34. Kh2 Rxg2+ 35. Kxg2 h5 36. Qa6 h4 37. Qc8+ Kg7 38. Qd8 Qg3+ 39. Kh1 h3 40. Qf6+ Kg8 41. Qd8+ Kh7 42. Qg5 Qxg5 0-1